| 000 | 00983am a2200325a 44500 | ||
|---|---|---|---|
| 003 | AR-BaBNM | ||
| 005 | 20251128205601.0 | ||
| 008 | 208019s1995 #AR|||||||||||000 | spa|| | ||
| 020 | _a950-550-181-1 | ||
| 040 | _cAR-BaBNM | ||
| 100 | 1 | _aBlok, Rita | |
| 245 | 1 | 0 | _aEn el desayuno también hay química |
| 260 |
_aBuenos Aires _bMagisterio del Río de la Plata _c1995 |
||
| 300 |
_a93 p. _btablas, diagr., il. |
||
| 490 | 0 | _aLas ciencias naturales en la EGB | |
| 500 | _aInformaciones y curiosidades: p. 80 | ||
| 500 | _aGlosario: p. 85 | ||
| 500 | _aSustancias y reactivos: p. 89 | ||
| 500 | _aTabla de equivalencias: p. 89 | ||
| 500 | _aIndice alfabético: p. 91 | ||
| 650 | 4 | _aENSEÑANZA DE LA QUIMICA | |
| 650 | 4 | _aCIENCIAS NATURALES | |
| 650 | 4 | _aTECNICAS DE ENSEÑANZA | |
| 650 | 4 | _aEXPERIMENTOS CIENTIFICOS | |
| 650 | 4 | _aEXPERIMENTOS DE LABORATORIO | |
| 653 | _aEDUCACION GENERAL BASICA | ||
| 700 | 1 | _aBulwik, Marta | |
| 942 | _cBK | ||
| 998 | _cSILVI | ||
| 999 |
_c11995 _d11995 |
||